El periodista científico toca la puerta del siglo XXI (Registro nro. 651)

Detalles MARC
000 -CABECERA
Campo de control 00939cam a2200253 a 4500
005 - FECHA Y HORA DE LA ULTIMA TRANSACCION
Campo de control 20191224041537.0
008 - ELEMENTOS DE LONGITUD FIJA—INFORMACION GENERAL
Campo de control 011022s1988 ck d r 000 0 spa d
020 ## - ISBN
ISBN 9589080135
040 ## - FUENTE DE CATALOGACIÓN
Agencia catalogadora original CO-BoPUJ
Agencia transcriptora CO-BoIAVH
Agencia Modificadora CO-BoIAVH
041 0# - IDIOMA
Código de idioma para texto/pista de sonido o título separado Español
044 ## - PAÍS DE PUBLICACIÓN
País de publicación Colombia
082 04 - NUMERO DE CLASIFICACION DECIMAL DEWEY
Número de clasificación 070.4495
Número del ítem C76p
110 2# - ASIENTO PRINCIPAL--NOMBRE CORPORATIVO
Nombre corporativo o de jurisdicción como elemento de entrada Convenio Andrés Bello
9 (RLIN) 3230
245 13 - MENCION DE TITULO
Título El periodista científico toca la puerta del siglo XXI
Mención de responsabilidad Convenio Andrés Bello ; edición Lisbeth Fog Corradine
260 ## - PUBLICACION, DISTRIBUCION, ETC. (PIE DE IMPRENTA)
Lugar de publicación, distribución, etc. Bogotá :
Nombre del editor, distribuidor, etc. CAB,
Fecha de publicación, distribución, etc. 1988.
300 ## - DESCRIPCION FISICA
Extensión 334 páginas :
Otros detalles físicos gráficas ;
Dimensiones 23 x 17 cm.
650 24 - ASIENTO SECUNDARIO DE MATERIA - TERMINO TEMATICO
Término temático o nombre geográfico como elemento de entrada Periodismo científico
Subdivisión geográfica América Latina
9 (RLIN) 86510
650 26 - ASIENTO SECUNDARIO DE MATERIA - TERMINO TEMATICO
Término temático o nombre geográfico como elemento de entrada Investigación
Subdivisión geográfica América Latina
9 (RLIN) 86511
650 26 - ASIENTO SECUNDARIO DE MATERIA - TERMINO TEMATICO
Término temático o nombre geográfico como elemento de entrada Tecnologías para la información y la comunicación (TIC)
9 (RLIN) 86512
650 26 - ASIENTO SECUNDARIO DE MATERIA - TERMINO TEMATICO
Término temático o nombre geográfico como elemento de entrada Formación de periodistas
9 (RLIN) 86513
700 1# - ASIENTO SECUNDARIO - NOMBRE PERSONAL
Nombre personal Fog Corradine, Lisbeth
Término de relación editora
9 (RLIN) 7677
710 2# - ASIENTO SECUNDARIO - NOMBRE CORPORATIVO
Nombre corporativo o de jurisdicción como elemento de entrada Fundación Konrad Adenauer Stiftung.
9 (RLIN) 56036
942 ## - ELEMENTOS ADICIONALES (KOHA)
Sistema de clasificación Dewey Decimal Classification
Tipo de ítem Libro
Existencias
Withdrawn status Lost status Sistema de Clasificación Damaged status No para préstamo Colección Inventariado Ubicación Permanente Ubicación actual Fecha de adquisición Fuente de Valor Valor Total Checkouts Número topográfico Inventario / Código de Barras Date last seen Ejemplar Price effective from Forma de adquisición Tipo de material
    Dewey Decimal Classification     General Inventariado 2017 Sala Fabio Quevedo Sala Fabio Quevedo 17/01/2001 Instituto 50000.00   LB-070.4495 C76p 000921 04/12/2012 Ej. 1 04/12/2012 Donación Libro